| 000 | 00822nas a2200253 4500 | ||
|---|---|---|---|
| 001 | BR7908524 | ||
| 003 | BR-BrBNA | ||
| 005 | 20231205084036.0 | ||
| 007 | ta | ||
| 008 | 230509b bl.|||p| |||| 00| 00por d | ||
| 040 |
_aBR-BrBNA _bpor _cBiblioteca Nacional de Agricultura |
||
| 041 | _a(Pt) | ||
| 072 | _aF40; F60 | ||
| 100 | 1 | _aPedreira, J.V.S. | |
| 245 | 1 | _aCrescimento estacional de capim-pangola (Digitaria decumbens Stent.)e coloniao (Panicum maximum Jacq.)na Regiao de Barretos, Sao Paulo [Brasil] | |
| 650 | _aCAPIM COLONIAO | ||
| 650 | _aCAPIM PANGOLA | ||
| 650 | _aCRESCIMENTO | ||
| 650 | _aVARIACAO SAZONAL | ||
| 650 | _aSAO PAULO | ||
| 773 | 0 |
_tZootecnia (Brazil) _xISSN 0044-5320 _g(Oct-Dec 1979), v. 17(4) p. 215-223 _wBR7908524 |
|
| 909 |
_a202311 _bLúcia _c55 _dLúcia Elande |
||
| 942 |
_2AGRIS _n0 _cANA |
||
| 999 |
_c102752 _d102752 |
||